Statistics for Country Flag Chain

Click here to take the quiz!

General Stats

  • This quiz has been taken 30 times
  • The average score is 30 of 35

Answer Stats

Answer% Correct
Denmark
100%
Ireland
100%
Poland
100%
Argentina
96%
Australia
96%
Luxembourg
93%
Nepal
93%
Netherlands
93%
New Zealand
93%
Norway
93%
Sweden
93%
Yemen
93%
Albania
89%
Austria
89%
Cyprus
89%
Djibouti
89%
Greece
89%
Oman
89%
Ukraine
89%
Algeria
85%
Egypt
85%
Kyrgyzstan
85%
Romania
85%
Namibia
81%
San Marino
81%
Tuvalu
81%
Andorra
78%
Angola
78%
Antigua and Barbuda
78%
Armenia
78%
Azerbaijan
78%
Dominican Republic
78%
Ecuador
78%
Niger
78%
Afghanistan
74%

Score Distribution

Percentile by Number Answered

Percent of People with Each Score

Your Score History

You have not taken this quiz